| 000 | 00790nam a2200181Ia 4500 | ||
|---|---|---|---|
| 008 | 100920s9999 xx 000 0 und d | ||
| 082 |
_b98521 _a520 न 07 |
||
| 100 | _aमहाराज श्रीकिसनकी. | ||
| 245 | _aआरोग्यदायी जगण्यासाठी योगासने-प्राणायाम. | ||
| 260 |
_bसाकेत,औरंगाबाद. _c2007 |
||
| 300 |
_a194 _bसाधी |
||
| 365 | _b60 | ||
| 520 | _aशाअ. | ||
| 630 | _aआरोग्यदायी जगण्यासाठी योगासने-प्राणायाम. | ||
| 650 | _aशाअ. | ||
| 730 | _aआरोग्यदायी जगण्यासाठी योगासने-प्राणायाम. | ||
| 942 | _cBOOK | ||
| 999 |
_c738959 _d738956 |
||